<?xml version="1.0" encoding="UTF-8"?>
<record
    xmlns:xsi="http://www.w3.org/2001/XMLSchema-instance"
    xsi:schemaLocation="http://www.loc.gov/MARC21/slim http://www.loc.gov/standards/marcxml/schema/MARC21slim.xsd"
    xmlns="http://www.loc.gov/MARC21/slim">

  <leader>02339nam a2200313 i 4500</leader>
  <controlfield tag="003">DO-SdBNP</controlfield>
  <controlfield tag="005">20260508094645.0</controlfield>
  <controlfield tag="007">ta</controlfield>
  <controlfield tag="008">260506b2025    dr a|||| |||| 00| 0 spa d</controlfield>
  <datafield tag="020" ind1=" " ind2=" ">
    <subfield code="a">9789945625585</subfield>
  </datafield>
  <datafield tag="040" ind1=" " ind2=" ">
    <subfield code="a">DO-SdBNP</subfield>
    <subfield code="b">spa</subfield>
    <subfield code="c">BNPHU</subfield>
    <subfield code="e">rda</subfield>
  </datafield>
  <datafield tag="041" ind1=" " ind2=" ">
    <subfield code="a">spa</subfield>
  </datafield>
  <datafield tag="082" ind1=" " ind2="4">
    <subfield code="a">xxx</subfield>
    <subfield code="b">G393e</subfield>
    <subfield code="2">22</subfield>
  </datafield>
  <datafield tag="245" ind1="1" ind2="3">
    <subfield code="a">La gesti&#xF3;n educativa en la educaci&#xF3;n superior :</subfield>
    <subfield code="b">retos y oportunidades /</subfield>
    <subfield code="c">compiladores, Edith Juliana Cisneros Chac&#xF3;n, Jos&#xE9; Gabriel Dom&#xED;nguez Castillo.</subfield>
  </datafield>
  <datafield tag="250" ind1=" " ind2=" ">
    <subfield code="a">Primera edici&#xF3;n </subfield>
  </datafield>
  <datafield tag="264" ind1=" " ind2="4">
    <subfield code="a">Santiago de los Caballeros, Rep&#xFA;blica Dominicana : </subfield>
    <subfield code="b">Universidad Abierta para Adultos, </subfield>
    <subfield code="c">&#xA9;2025.</subfield>
  </datafield>
  <datafield tag="300" ind1=" " ind2=" ">
    <subfield code="a">215 p&#xE1;ginas :</subfield>
    <subfield code="b">ilustraciones ;</subfield>
    <subfield code="c">23 cm. </subfield>
  </datafield>
  <datafield tag="336" ind1=" " ind2=" ">
    <subfield code="a">texto</subfield>
    <subfield code="b">txt</subfield>
    <subfield code="2">rdacontent</subfield>
  </datafield>
  <datafield tag="337" ind1=" " ind2=" ">
    <subfield code="a">sin mediaci&#xF3;n </subfield>
    <subfield code="b">n</subfield>
    <subfield code="2">rdamedia</subfield>
  </datafield>
  <datafield tag="338" ind1=" " ind2=" ">
    <subfield code="a">volumen</subfield>
    <subfield code="b">nc</subfield>
    <subfield code="2">rdacarrier</subfield>
  </datafield>
  <datafield tag="490" ind1="1" ind2=" ">
    <subfield code="a">Colecci&#xF3;n libros de investigaci&#xF3;n </subfield>
    <subfield code="v">10</subfield>
  </datafield>
  <datafield tag="490" ind1="1" ind2=" ">
    <subfield code="a">Educaci&#xF3;n y sociedad</subfield>
  </datafield>
  <datafield tag="505" ind1=" " ind2=" ">
    <subfield code="a">Introducci&#xF3;n -- </subfield>
    <subfield code="t">La afectividad como factor importante para la gesti&#xF3;n educativa en los entornos virtuales /</subfield>
    <subfield code="r">Sergio Humberto Qui&#xF1;onez Pech --</subfield>
    <subfield code="r">Jos&#xE9; Israel M&#xE9;ndez Ojeda -- </subfield>
    <subfield code="r">&#xC1;ngel Alpuche Rivera --</subfield>
    <subfield code="t">Identificaci&#xF3;n de retos en la gesti&#xF3;n escolar de la educaci&#xF3;n a distancia /</subfield>
    <subfield code="r">Gabriel Dom&#xED;nguez Castillo --</subfield>
    <subfield code="r">Edith Juliana Cisneros Chac&#xF3;n -- </subfield>
    <subfield code="r">Mari Carmen Alonzo Godoy --</subfield>
    <subfield code="r">Julio Isaac Vega Cauicha --</subfield>
    <subfield code="t">La cultura inclusiva como motor de cambio. An&#xE1;lisis del Modelo Index en las gesti&#xF3;n de los centros educativos espa&#xF1;oles /</subfield>
    <subfield code="r">Jos&#xE9; Manuel Ortiz Marcos --</subfield>
    <subfield code="r">Ana Isabel Invern&#xF3;n-G&#xF3;mez --</subfield>
    <subfield code="r">Mar&#xED;a Piedad Casta&#xF1;o-Morillo --</subfield>
    <subfield code="r">Alfonso L&#xF3;pez-Ruiz --</subfield>
    <subfield code="t">Gesti&#xF3;n del cambio en la comunicaci&#xF3;n interna de un centro educativo /</subfield>
    <subfield code="r">Leonor Elena L&#xF3;pez-Canto --</subfield>
    <subfield code="r">Silvia Isabel Salazar-Ceballos -- </subfield>
    <subfield code="r">Ruth Noemi Ojeda-L&#xF3;pez --</subfield>
    <subfield code="t">Violencia escolar: impactos y desaf&#xED;os para la gesti&#xF3;n educativa /</subfield>
    <subfield code="r">&#xC1;ngel Mart&#xED;n Aguilar Riveroll --</subfield>
    <subfield code="t">Educaci&#xF3;n superior y justicia social: desaf&#xED;os y alternativas en la gesti&#xF3;n de pol&#xED;ticas educativas en Latinoam&#xE9;rica  /</subfield>
    <subfield code="r">Luis Cervera Perera --</subfield>
    <subfield code="r">Galo E. L&#xF3;pez Camboa --</subfield>
    <subfield code="r">&#xC1;ngel Mart&#xED;n Aguilar  Riveroll --</subfield>
  </datafield>
  <datafield tag="700" ind1="1" ind2=" ">
    <subfield code="a">Cisneros Chac&#xF3;n, Edith Juliana,</subfield>
    <subfield code="e">compilador</subfield>
    <subfield code="4">comp.</subfield>
    <subfield code="9">89486</subfield>
  </datafield>
  <datafield tag="700" ind1="1" ind2=" ">
    <subfield code="a">Dom&#xED;nguez Castillo, Jos&#xE9; Gabriel,</subfield>
    <subfield code="e">compilador</subfield>
    <subfield code="4">comp.</subfield>
    <subfield code="9">89487</subfield>
  </datafield>
  <datafield tag="830" ind1=" " ind2="0">
    <subfield code="a">Colecci&#xF3;n libros de investigaci&#xF3;n </subfield>
    <subfield code="n">10</subfield>
    <subfield code="p">Educaci&#xF3;n y sociedad</subfield>
    <subfield code="9">89488</subfield>
  </datafield>
  <datafield tag="910" ind1=" " ind2=" ">
    <subfield code="a">LP</subfield>
  </datafield>
  <datafield tag="942" ind1=" " ind2=" ">
    <subfield code="2">ddc</subfield>
    <subfield code="c">LBS1</subfield>
  </datafield>
  <datafield tag="952" ind1=" " ind2=" ">
    <subfield code="0">0</subfield>
    <subfield code="1">0</subfield>
    <subfield code="2">ddc</subfield>
    <subfield code="5">1</subfield>
    <subfield code="7">0</subfield>
    <subfield code="8">PD</subfield>
    <subfield code="a">BNPHU</subfield>
    <subfield code="b">BNPHU</subfield>
    <subfield code="c">CT</subfield>
    <subfield code="d">2026-02-26</subfield>
    <subfield code="e">Dep&#xF3;sito Legal</subfield>
    <subfield code="l">0</subfield>
    <subfield code="o">BNPHU PD xxx G393e</subfield>
    <subfield code="p">2026-3592</subfield>
    <subfield code="r">2026-05-06</subfield>
    <subfield code="w">2026-05-06</subfield>
    <subfield code="y">LBS1</subfield>
  </datafield>
  <datafield tag="952" ind1=" " ind2=" ">
    <subfield code="0">0</subfield>
    <subfield code="1">0</subfield>
    <subfield code="2">ddc</subfield>
    <subfield code="5">1</subfield>
    <subfield code="7">0</subfield>
    <subfield code="8">PD</subfield>
    <subfield code="a">BNPHU</subfield>
    <subfield code="b">BNPHU</subfield>
    <subfield code="c">CT</subfield>
    <subfield code="d">2026-02-26</subfield>
    <subfield code="e">Dep&#xF3;sito Legal</subfield>
    <subfield code="l">0</subfield>
    <subfield code="o">BNPHU PD xxx G393e</subfield>
    <subfield code="p">2026-3593</subfield>
    <subfield code="r">2026-05-06</subfield>
    <subfield code="t">e.2</subfield>
    <subfield code="w">2026-05-06</subfield>
    <subfield code="y">LBS1</subfield>
  </datafield>
  <datafield tag="952" ind1=" " ind2=" ">
    <subfield code="0">0</subfield>
    <subfield code="1">0</subfield>
    <subfield code="2">ddc</subfield>
    <subfield code="5">6</subfield>
    <subfield code="7">0</subfield>
    <subfield code="8">DS</subfield>
    <subfield code="a">BNPHU</subfield>
    <subfield code="b">BNPHU</subfield>
    <subfield code="c">CT</subfield>
    <subfield code="d">2026-02-26</subfield>
    <subfield code="e">Dep&#xF3;sito Legal</subfield>
    <subfield code="l">0</subfield>
    <subfield code="o">BNPHU DS xxx G393e</subfield>
    <subfield code="p">2026-3597</subfield>
    <subfield code="r">2026-05-06</subfield>
    <subfield code="t">e.3</subfield>
    <subfield code="w">2026-05-06</subfield>
    <subfield code="y">LBS1</subfield>
  </datafield>
  <datafield tag="999" ind1=" " ind2=" ">
    <subfield code="c">60679</subfield>
    <subfield code="d">60679</subfield>
  </datafield>
</record>
